Statistics for Micronesia Flag Quiz

Click here to take the quiz!

General Stats

  • This quiz has been taken 20 times
  • The average score is 4 of 5

Answer Stats

Answer% Correct
Marshall Islands
94%
Micronesia
89%
Nauru
83%
Palau
83%
Kiribati
78%

Score Distribution

Percentile by Number Answered

Percent of People with Each Score

Your Score History

You have not taken this quiz